00400nam a2200133 4500003000900000005001700009008002500026020001500051040002200066100003000088245009100118260003500209300002200244DO-SdBNP20180209094335.0180209b 1992 00| 0 spa d a0590446916 aBPMSUbspacBPMSU aMcKissack, Patd1944-2017 aSojourner Truth :b ain't I a woman? / cPatricia C. McKissack and Fredrick McKissack. aNew York :bScholastic, c1992 a186 p. ;c20 cm.